<?xml version="1.0" encoding="UTF-8"?>
<record
    xmlns:xsi="http://www.w3.org/2001/XMLSchema-instance"
    xsi:schemaLocation="http://www.loc.gov/MARC21/slim http://www.loc.gov/standards/marcxml/schema/MARC21slim.xsd"
    xmlns="http://www.loc.gov/MARC21/slim">

  <leader>00931nam a22001337a 4500</leader>
  <controlfield tag="008">190209b        xxu||||| |||| 00| 0 eng d</controlfield>
  <datafield tag="020" ind1=" " ind2=" ">
    <subfield code="a">9788417047436</subfield>
  </datafield>
  <datafield tag="082" ind1=" " ind2=" ">
    <subfield code="a">708</subfield>
    <subfield code="b">AM524a</subfield>
  </datafield>
  <datafield tag="100" ind1=" " ind2=" ">
    <subfield code="a">Ades, Dawn et all. </subfield>
    <subfield code="9">6883</subfield>
  </datafield>
  <datafield tag="245" ind1=" " ind2=" ">
    <subfield code="a">Carlos Amorales. Axiomas para la acci&#xF3;n.</subfield>
  </datafield>
  <datafield tag="300" ind1=" " ind2=" ">
    <subfield code="a">199 p.</subfield>
    <subfield code="b">ill (col).</subfield>
    <subfield code="c">22 x 16.5 cm.</subfield>
  </datafield>
  <datafield tag="505" ind1=" " ind2=" ">
    <subfield code="t">Esta muestra es una m&#xE1;scara: Axiomas para la acci&#xF3;n (1996-2018)</subfield>
    <subfield code="r">Amorales, Carlos y Medina, Cuauht&#xE9;moc</subfield>
    <subfield code="t">Axiomas para la acci&#xF3;n (1996-2016)</subfield>
    <subfield code="r">Amorales, Carlos</subfield>
    <subfield code="t">Lista de obras</subfield>
    <subfield code="r">Amorales, Carlos</subfield>
    <subfield code="t">Black Cloud (Aftermath)</subfield>
    <subfield code="r">Amorales, Carlos</subfield>
    <subfield code="t">Una m&#xE1;scara toca la flauta </subfield>
    <subfield code="r">Amorales, Carlos</subfield>
    <subfield code="t">La materia del lenguaje vista desde tres de muchas casas</subfield>
    <subfield code="r">Barnas, Mar&#xED;a</subfield>
    <subfield code="t">Carlos Amorales desde una perspectiva dada&#xED;sta</subfield>
    <subfield code="r">Ades, Dawn</subfield>
    <subfield code="t">Proliferaci&#xF3;n Amorales</subfield>
    <subfield code="r">Medina, Cuauht&#xE9;moc</subfield>
    <subfield code="t">Semblanza</subfield>
    <subfield code="t">Cr&#xE9;ditos</subfield>
  </datafield>
  <datafield tag="650" ind1=" " ind2=" ">
    <subfield code="2">Arte contempor&#xE1;neo</subfield>
    <subfield code="v">Arte - exhibiciones</subfield>
    <subfield code="v">Arte - performance</subfield>
    <subfield code="z">Arte - M&#xE9;xico</subfield>
    <subfield code="z">Arte - MUAC</subfield>
    <subfield code="9">6884</subfield>
  </datafield>
  <datafield tag="999" ind1=" " ind2=" ">
    <subfield code="c">1717</subfield>
    <subfield code="d">1717</subfield>
  </datafield>
  <datafield tag="952" ind1=" " ind2=" ">
    <subfield code="0">0</subfield>
    <subfield code="1">0</subfield>
    <subfield code="2">ddc</subfield>
    <subfield code="4">0</subfield>
    <subfield code="7">0</subfield>
    <subfield code="a">LV</subfield>
    <subfield code="b">LV</subfield>
    <subfield code="c">Monograf&#xED;as</subfield>
    <subfield code="d">2019-02-09</subfield>
    <subfield code="l">0</subfield>
    <subfield code="o">708 AM524a</subfield>
    <subfield code="p">004668</subfield>
    <subfield code="r">2019-02-09 00:00:00</subfield>
    <subfield code="w">2019-02-09</subfield>
    <subfield code="y">01</subfield>
  </datafield>
</record>
